| 000 | 01348cad a22002295a 4500 | ||
|---|---|---|---|
| 001 | L153867 | ||
| 008 | 110914s2011 000 0 eng u | ||
| 035 | _a(Sirsi) u153867 | ||
| 041 | 0 | _aeng | |
| 110 | 1 |
_aUnited Kingdom _bDepartment for Business, Innovation and Skills _95760 |
|
| 245 | 0 | 0 |
_aInfrastructure supply chains _bbarriers and opportunities _h[electronic resource] |
| 260 |
_aLondon _bBIS _c2011 |
||
| 490 | 0 |
_aResearch Report _vURN 11/1058 |
|
| 520 | _aThis report fulfils a commitment made in the National Infrastructure Plan 2010. It sets out the findings of a supply chain study covering five infrastructure sectors: transport, energy, digital communications, water and waste. The remit was to identify issues affecting the delivery of UK infrastructure, including barriers to innovation and the efficient operation of supply chains, and identify opportunities to remove those barriers and learn from good practice. International comparisons. | ||
| 590 | _aKA | ||
| 651 | 4 |
_aUnited Kingdom _y |
|
| 651 | 4 | _aInternational | |
| 690 | _aBUILT ENVIRONMENT-CONSTRUCTION MANAGEMENT | ||
| 690 | _aBUILT ENVIRONMENT-SUSTAINABLE CONSTRUCTION | ||
| 856 | 4 | 0 |
_uhttps://www.bis.gov.uk/assets/biscore/corporate/docs/i/11-1058-infrastructure-supply-chains-barriers-opportunities _zView this item free of charge at www.bis.gov.uk |
| 942 | _n0 | ||
| 999 |
_c112738 _d112738 |
||